000 00343nam a2200157Ia 4500
005 20250425161408.0
008 250425s9999 xx 000 0 und d
041 _aeng
082 _aIBM4381
245 0 _aMINING JOURNAL 295/1980
250 _aS.E.
260 _aS.L.
260 _aSin Pais
_bS.E.
_c1980
942 _c01
010 _a19335
999 _c208369
_d208369